000 01927cam a22005894i 4500
003 PE-LiUPU
005 20250731170430.0
008 150623s1990 nyu r 000 0 eng d
020 _a0807730572
020 _a9780807730577
035 _a(Sirsi) i9780807730577
040 _aPE-LiUPU
_bspa
_cPE-LiUPU
_dPE-LiUPU
_erda
049 _aPRUA
082 0 4 _a153.42
_bS6
_221
100 1 _aSmith, Frank,
_eautor.
245 1 0 _aTo think /
_cFrank Smith.
264 1 _aNew York :
_bTeachers College, Columbia University,
_c1990.
300 _a181 páginas ;
_c23 centímetros
336 _atext
_2rdacontent
337 _aunmediated
_2rdamedia
338 _avolume
_2rdacarrier
504 _aIncluye bibliografía.
505 0 _aTalking about thinking -- Commonplace thinking -- Remembering, understanding, and learning -- Imagination, Patterns and stories -- Thinking creatively -- Thinking critically -- Thinking and language -- Thinking and education.
526 _aSEG68
526 _aSEG70
526 _aSEG69
526 _aSEG67
526 _aSEG43
526 _aP144
526 _aP143
526 _aP131
526 _aP122
526 _aP120
526 _aP117
526 _aP112
526 _aP110
526 _aP106
526 _aP101
526 _aP80
526 _aP59
526 _aP54
526 _aP35
526 _aP33
526 _aP30
650 0 4 _aPensamiento crítico.
_95810
942 _2ddc
_cBOOK
949 _a153.42 S6
_wDEWEY
_c1
_i51232
_lCCODEBUL1
_mBUL
_p10.00
_r0
_sY
_tBOOK
_u2015-6-24
_xTEOLOGIA
_PP35
_0COMPRA
_o.STAFF. Colección Ciencias de la Salud
994 _aC0
_bPEPRU
596 _a1
999 _a153.42 S6
_wDEWEY
_c32940
_i51232
_f2021-11-3
_g5
_lCCODEBUL1
_mBUL
_p10.00
_r0
_sY
_tBOOK
_u2015-6-24
_xSALUD
_zP35
_0COMPRA
_o.STAFF. Colección Ciencias de la Salud
_d32940
980 _81
_gALBERTO SANCHEZ Responsable de Automatización